header

Storm siren / (Record no. 259605)

MARC details
000 -LEADER
fixed length control field 01815nam a22002417a 4500
003 - CONTROL NUMBER IDENTIFIER
control field OSt
005 - DATE AND TIME OF LATEST TRANSACTION
control field 20221118105049.0
008 - FIXED-LENGTH DATA ELEMENTS--GENERAL INFORMATION
fixed length control field 221118b xxu||||| |||| 00| 0 eng d
010 ## - LIBRARY OF CONGRESS CONTROL NUMBER
LC control number 2014006236
020 ## - INTERNATIONAL STANDARD BOOK NUMBER
International Standard Book Number 9781401690342 (hardcover)
International Standard Book Number 9781401690359 (TP)
040 ## - CATALOGING SOURCE
Original cataloging agency DLC
Language of cataloging eng
Transcribing agency DLC
Modifying agency DLC
Description conventions rda
050 ## - LIBRARY OF CONGRESS CALL NUMBER
Classification number PS3623.E3946
Item number S76 2014
100 ## - MAIN ENTRY--PERSONAL NAME
Personal name Weber, Mary (Mary Christine)
245 ## - TITLE STATEMENT
Title Storm siren /
Statement of responsibility, etc Mary Weber.
260 ## - PUBLICATION, DISTRIBUTION, ETC. (IMPRINT)
Place of publication, distribution, etc Nashville :
Name of publisher, distributor, etc Thomas Nelson,
Date of publication, distribution, etc [2014]
300 ## - PHYSICAL DESCRIPTION
Extent 341 pages ;
Dimensions 22 cm.
490 ## - SERIES STATEMENT
Series statement Storm siren trilogy ;
Volume number/sequential designation book 1
520 ## - SUMMARY, ETC.
Summary, etc "My hair slips down my back and shoulders and around my face like fresh snow falling on the forest floor. Pure white. I raise my chin as the buyers stare. Yes. Look. You don't want me. Because, eventually, accidentally, I will destroy you. It's what I do; Seventeen-year-old slave girl, Nym, should not exist. In a world where Elementals are only born male, and always killed at birth, she is an anomaly at best. At worst, people around her die. When a court emissary identifies her weather-manipulating ability as a weapon, Nym is purchased and put to work honing her skills. With time running out for the kingdom of Faelen, Nym might be all that stands between it and the technologically-advanced horror racing down upon them -- not to mention the rumored reemergence of the monstrous shapeshifter, Draewulf. But some elements even she can't control. Nym must decide whom to trust as she's unleashed into a world of assassins and political betrayal surrounding a young king fighting for his throne, a tired nation that has forgotten its calling, and her handsome tutor whose dark secrets could destroy both her people and her heart"--
655 ## - INDEX TERM--GENRE/FORM
Genre/form data or focus term Fantasy fiction.
Genre/form data or focus term Adventure fiction.
942 ## - ADDED ENTRY ELEMENTS (KOHA)
Source of classification or shelving scheme Library of Congress Classification
Koha item type Long Loan Books
Holdings
Withdrawn status Lost status Source of classification or shelving scheme Damaged status Not for loan Collection code Home library Current library Shelving location Date acquired Total Checkouts Full call number Barcode Date last seen Date checked out Price effective from Koha item type
    Library of Congress Classification     Fiction Rongo University Library Rongo University Library General Stacks 18/11/2022 8 PS3623.E3946 S76 2014 202200459 14/01/2025 02/12/2024 18/11/2022 Long Loan Books

© 2026 Rongo University
Contact us: librarian | system librarian | Rongo university